| 000 | 00760nam a22002177a 4500 | ||
|---|---|---|---|
| 999 |
_c7344 _d7344 |
||
| 003 | OSt | ||
| 005 | 20211007095155.0 | ||
| 008 | 211007b ||||| |||| 00| 0 eng d | ||
| 020 | _a9781630572846 | ||
| 040 | _cDDC | ||
| 082 | _a604.2 SMI 2019 | ||
| 100 |
_aSmith, Douglas: Antonio, Ramirez: Ashleigh, Fuller _915048 |
||
| 245 |
_aTechnical drawing 101 with AutoCAD 2020 : _ba multidisciplinary guide to drafting theory and practice with video instruction. |
||
| 260 |
_aMission, KS : _bSDC Publications, [2019] _c©2019 |
||
| 300 |
_axii, 532 pages : _b illustrations ; _c28 cm. |
||
| 504 | _aIncludes index. | ||
| 650 |
_aAutoCAD. _912363 |
||
| 650 |
_aEngineering graphics. _915049 |
||
| 650 |
_aComputer-aided design. _915050 |
||
| 942 |
_2ddc _cBOOK |
||